Focus 2003: Design and architecture (Record no. 73350)

MARC details
000 -LEADER
fixed length control field 01160cam a2200229 4500
001 - CONTROL NUMBER
control field ABS66949
008 - FIXED-LENGTH DATA ELEMENTS--GENERAL INFORMATION
fixed length control field 030904n2003 000 0 eng u
035 ## - SYSTEM CONTROL NUMBER
System control number (Sirsi) u123492
100 ## - MAIN ENTRY--PERSONAL NAME
Personal name Irvine, R.
245 ## - TITLE STATEMENT
Title Focus 2003: Design and architecture
260 ## - PUBLICATION, DISTRIBUTION, ETC.
Date of publication, distribution, etc. 2003
490 ## - SERIES STATEMENT
Series statement Estates Gazette
Volume/sequential designation (0334) 23 August 2003, 33-39(7)
520 ## - SUMMARY, ETC.
Summary, etc. Special report looking at recent building design. "Greening the workplace" reports on how although occupiers are becoming more environmentally friendly, many claim green buildings are too expensive to design; "High time for high density" examines how some developers and architects are campaigning for the renovation of 1960s high-rise estates as a solution to the homes crisis; "A crusader for style over substance" profiles Jon Rouse, the chief executive of the CABE, who hopes to persuade developers that good design can be financially rewarding.
590 ## - LOCAL NOTE (RLIN)
Local note ABS
650 ## - SUBJECT ADDED ENTRY--TOPICAL TERM
Topical term or geographic name entry element ARCHITECTURE
650 ## - SUBJECT ADDED ENTRY--TOPICAL TERM
Topical term or geographic name entry element GREEN BUILDINGS
650 ## - SUBJECT ADDED ENTRY--TOPICAL TERM
Topical term or geographic name entry element HIGH DENSITY HOUSING
650 ## - SUBJECT ADDED ENTRY--TOPICAL TERM
Topical term or geographic name entry element ENVIRONMENTALLY FRIENDLY BUILDINGS
690 ## - LOCAL SUBJECT ADDED ENTRY--TOPICAL TERM (OCLC, RLIN)
Topical term or geographic name as entry element BUILT ENVIRONMENT-CONSTRUCTION DESIGN
700 ## - ADDED ENTRY--PERSONAL NAME
Personal name Wehner, P.
942 ## - ADDED ENTRY ELEMENTS (KOHA)
Suppress in OPAC 0
Holdings
Withdrawn status Lost status Source of classification or shelving scheme Damaged status Not for loan Home library Current library Shelving location Date acquired Total Checkouts Full call number Barcode Date last seen Copy number Price effective from Koha item type
    Dewey Decimal Classification     London London Journal article 04/09/2003   ABS66949 123492-1001 06/08/2019 1 06/08/2019 Journal article